Praktikum z prieskumu trhu

Gespeichert in:
Bibliographische Detailangaben
1. Verfasser: Vokounová, Dana, 1962-
Körperschaft: Ekonomická univerzita v Bratislave. Obchodná fakulta
Weitere Verfasser: Richterová, Kornélia, Klepochová, Dagmar, 1968-, Kopaničová, Janka, 1979-, Žák, Štefan, 1971-, Štensová, Antónia, Štarchoň, Peter
Format: Buch
Sprache:Slowakisch
Veröffentlicht: Bratislava Vydavateľstvo EKONÓM 2008
Ausgabe:3. dopln. vyd.
Schlagworte:
Tags: Tag hinzufügen
Keine Tags, Fügen Sie das erste Tag hinzu!

MARC

LEADER 00000nam$a2200000$$$4500
001 0085471
005 20240502071954.9
020 |a 978-80-225-2584-8 
041 0 |a slo 
044 |a SK 
245 1 0 |a Praktikum z prieskumu trhu  |c Dana Vokounová a kolektív 
250 |a 3. dopln. vyd. 
264 1 |a Bratislava  |b Vydavateľstvo EKONÓM  |c 2008 
300 |a 144 s. 
610 2 0 |a prieskum trhu 
610 2 0 |a trh 
610 2 0 |a zber dát 
610 2 0 |a spracovanie dát 
610 2 0 |a štatistika 
610 2 0 |a softvér 
610 2 0 |a analýza zhluková 
610 2 0 |a imidž 
610 2 0 |a produkty 
610 2 0 |a reklama 
610 2 0 |a tržby 
610 2 0 |a nákup 
610 2 0 |a podpora predaja 
610 2 0 |a maloobchod 
100 1 |a Vokounová, Dana, 1962- 
700 1 |a Richterová, Kornélia 
700 1 |a Klepochová, Dagmar, 1968- 
700 1 |a Kopaničová, Janka, 1979- 
700 1 |a Žák, Štefan, 1971- 
700 1 |a Štensová, Antónia 
700 1 |a Štarchoň, Peter 
710 2 |a Ekonomická univerzita v Bratislave. Obchodná fakulta